| 000 | 00596nam a2200181 i 4500 | ||
|---|---|---|---|
| 001 | 17949 | ||
| 003 | ES-MaACL | ||
| 005 | 20230906151726.0 | ||
| 007 | t| | ||
| 008 | 010628s1952 mx |||| | spa d | ||
| 080 | _a338.1(460)"1939/55" | ||
| 100 | 1 |
_aGordón Ordás, Félix. _959169 |
|
| 245 | 1 | 0 |
_aEconomía y finanzas de España (1939-1951) _b: al borde del desastre / _cFélix Gordón Ordás. |
| 260 |
_aMéxico : _b[s.n., _c1952] |
||
| 300 |
_a357 p. ; _c24 cm. |
||
| 651 | 4 |
_aEspaña- _xSituación económica- _y1939-1955. _9167677 |
|
| 852 |
_aES-MaACL _jAND-57 _z. - Biblioteca Juan Andrade |
||
| 999 |
_c17949 _d17949 |
||